000 00800cam a22002533a 4500
001 24573
003 PGUSA
005 20140828083527.0
008 080211s2008||||xxu|||||s|||||000 | eng d
040 _aPGUSA
_beng
042 _adc
050 4 _aLC
050 4 _aHQ
100 1 _aMaréchal, Sylvain,
_d1750-1803
245 1 0 _aProjet d'une loi portant défense d'apprendre à lire aux femmes
_h[electronic resource] /
_cSylvain Maréchal
260 _bProject Gutenberg,
_c2008
506 _aPublic domain in the USA.
516 _aElectronic text
653 _aWomen's rights -- France -- History -- 19th century
653 _aWomen -- Education -- France -- History -- 19th century
830 0 _aProject Gutenberg
_v24573
856 4 0 _uhttp://www.gutenberg.org/ebooks/24573
942 _cEB
999 _c253828
_d253828